Fr. Conceicao Rodrigues College of Engineering

Communication Technology Handbook (Record no. 20963)

MARC details
000 -LEADER
fixed length control field 00388nam a2200169Ia 4500
082 ## - DEWEY DECIMAL CLASSIFICATION NUMBER
Classification number 621.382
Item number PAN
100 ## - MAIN ENTRY--PERSONAL NAME
Personal name Lewis/ G.
250 ## - EDITION STATEMENT
Edition statement 1
245 ## - TITLE STATEMENT
Title Communication Technology Handbook
260 ## - PUBLICATION, DISTRIBUTION, ETC.
Name of publisher, distributor, etc. Newnes
Place of publication, distribution, etc. Britain
Date of publication, distribution, etc. 1994
300 ## - PHYSICAL DESCRIPTION
Extent 0 0
546 ## - LANGUAGE NOTE
Language note ENGLISH
650 ## - SUBJECT ADDED ENTRY--TOPICAL TERM
Topical term or geographic name entry element Electrical Engineering
654 ## - SUBJECT ADDED ENTRY--FACETED TOPICAL TERMS
Focus term Communication technology handbook
942 ## - ADDED ENTRY ELEMENTS (KOHA)
Koha item type Reference Book
Holdings
Withdrawn status Lost status Damaged status Not for loan Collection Home library Current library Date acquired Source of acquisition Cost, normal purchase price Total Checkouts Full call number Barcode Date last seen Cost, replacement price Price effective from Koha item type
        CRC Fr. Agnel's C.Rodrigues College of Engineering Fr. Agnel's C.Rodrigues College of Engineering 17/03/2023 Unique 2064.00   621.382 PAN 6904 17/03/2023 2064.00 17/03/2023 Reference Book
        CRC Fr. Agnel's C.Rodrigues College of Engineering Fr. Agnel's C.Rodrigues College of Engineering 17/03/2023 global books 2064.00   621.382 PAN 7045 17/03/2023 2064.00 17/03/2023 Reference Book